Welcome to CU Library Online Public Access Catalogue (OPAC)

Macroeconomics/ (Record no. 572)

MARC details
000 -LEADER
fixed length control field 00599nam a22002057a 4500
005 - DATE AND TIME OF LATEST TRANSACTION
control field 20241102153727.0
008 - FIXED-LENGTH DATA ELEMENTS--GENERAL INFORMATION
fixed length control field 241102b |||||||| |||| 00| 0 eng d
020 ## - INTERNATIONAL STANDARD BOOK NUMBER
International Standard Book Number 9780071232371
050 ## - LIBRARY OF CONGRESS CALL NUMBER
Classification number HB172.5 DOR
100 ## - MAIN ENTRY--PERSONAL NAME
Personal name Dornbusch Rudiger
245 ## - TITLE STATEMENT
Title Macroeconomics/
Statement of responsibility, etc. Rudiger Dornbusch, Stanley Fischer & Richard Startz/
250 ## - EDITION STATEMENT
Edition statement 9th Ed.
260 ## - PUBLICATION, DISTRIBUTION, ETC.
Place of publication, distribution, etc. Boston;
Name of publisher, distributor, etc. McGraw Hill;
Date of publication, distribution, etc. 2004;
300 ## - PHYSICAL DESCRIPTION
Extent xxii. 613p.;
Other physical details ill. color;
Dimensions 23cm x 18.5cm
500 ## - GENERAL NOTE
General note Including Index
650 ## - SUBJECT ADDED ENTRY--TOPICAL TERM
Source of heading or term Macroeconomics
700 ## - ADDED ENTRY--PERSONAL NAME
Personal name Fischer Stanley
700 ## - ADDED ENTRY--PERSONAL NAME
Personal name Startz Richard
942 ## - ADDED ENTRY ELEMENTS (KOHA)
Source of classification or shelving scheme Library of Congress Classification
Koha item type Books
Edition 9th Ed.
Suppress in OPAC No
999 ## -
-- 572
-- 572
Holdings
Withdrawn status Lost status Source of classification or shelving scheme Damaged status Not for loan Collection Home library Current library Shelving location Date acquired Total checkouts Full call number Barcode Date last seen Copy number Price effective from Koha item type
    Library of Congress Classification     Non-fiction Business Library (Miotso) Business Library (Miotso) General stacks 11/02/2024   HB172.5 DOR BSSM00000103 11/02/2024 1 11/02/2024 Books
© 2023-2024 Copyright: Central University Libraries. All Rights Reserved | Created by: Mahone Tech Office